000
00307nam a2200133Ia 4500
008
240624s9999 xx 000 0 und d
041
_a
eng
082
_a
004.6 JAM
100
_a
JAMES K L
245
_a
INTERNET A USER GUIDE
260
_c
2003
_a
New Delhi
_b
Prentice-Hall
300
_a
xii, : 388
365
_c
RS
999
_c
455
_d
455